Normal view
MARC view
Entry Personal Name
001 - CONTROL NUMBER
- control field: 86166
003 - CONTROL NUMBER IDENTIFIER
- control field: dpl
005 - DATE AND TIME OF LATEST TRANSACTION
- control field: 20251231120938.0
008 - FIXED-LENGTH DATA ELEMENTS
- fixed length control field: 251231|| aca||aabn | a|a d
040 ## - CATALOGING SOURCE
- Original cataloging agency: dpl
- Transcribing agency: dpl
100 ## - HEADING--PERSONAL NAME
- Personal name: Roychoudhury, Hari Pada
670 ## - SOURCE DATA FOUND
- Source citation: Work cat.: (dpl)213978: Roychoudhury, Hari Pada , Modi A Builder Vs Gandhi A Destroyer OF INDIA/, 2023
